Programación en lenguaje C /
Guardado en:
| Autor Principal: | |
|---|---|
| Formato: | Libro |
| Idioma: | Spanish English |
| Publicado: |
Madrid ; Buenos Aires :
Osborne/McGraw-Hill,
c1987.
|
| Materias: | |
| Etiquetas: |
Agregar Etiqueta
Sin Etiquetas, Sea el primero en etiquetar este registro!
|
| LEADER | 00663nam a22001935a 4500 | ||
|---|---|---|---|
| 001 | MAT.inmabb004315 | ||
| 008 | 070301s1987####sp############001#0#spa#d | ||
| 005 | 20130418181219.0 | ||
| 245 | 1 | 0 | |a Programación en lenguaje C / |c Herbert Schildt ; traducción: José María Vela Bermúdez. |
| 260 | |a Madrid ; |a Buenos Aires : |b Osborne/McGraw-Hill, |c c1987. | ||
| 300 | |a x, 284 p. ; |c 24 cm. | ||
| 500 | |a Traducción de: C made easy. 1985. | ||
| 020 | |a 9684220170 (México) | ||
| 020 | |a 8476151330 (España) | ||
| 100 | 1 | |a Schildt, Herbert. | |
| 084 | |a 68N15 |2 msc2000 | ||
| 650 | 0 | |a C (Computer program language) | |
| 041 | 1 | |a spa |h eng | |
| 859 | |h 68 |i Sc334 |p A-6062 |b BIB. MATEMATICA | ||
